[Event "Bogota El Tablazo op-A"]
[Site "Bogota"]
[Date "2022.06.23"]
[Round "1"]
[White "Moyano, Carlos Andres"]
[Black "Mora, Luis Jose"]
[Result "1-0"]
[WhiteElo "2066"]
[BlackElo "1863"]
[PlyCount "125"]
[EventDate "2022.06.23"]
[EventType "swiss"]
[EventRounds "10"]
[EventCountry "COL"]
[SourceTitle "EXT 2023"]
[Source "ChessBase"]
[SourceDate "2022.10.05"]
[SourceVersion "1"]
[SourceVersionDate "2022.10.05"]
[SourceQuality "1"]

1. e4 c6 2. c4 d5 3. cxd5 cxd5 4. exd5 Nf6 5. Bb5+ Bd7 6. Bc4 Na6 7. Nc3 Rc8 8. Bxa6 bxa6 9. Nf3 g6 10. 0-0 Bg7 11. Re1 0-0 12. h3 Re8 13. Ne5 Qc7 14. d4 Rcd8 15. Qf3 Bc8 16. Nc6 Rd7 17. Bf4 Qb7 18. Re2 Kf8 19. Be5 Nxd5 20. Bxg7+ Kxg7 21. Ne5 Nf6 22. Nxd7 Qxf3 23. gxf3 Bxd7 24. Rae1 Kf8 25. h4 Bc6 26. Ne4 Nd5 27. Rc2 Bb5 28. a3 Bd7 29. Rc5 e6 30. Nd6 Rb8 31. b4 Rb6 32. Nc4 Rb7 33. Ra5 Rc7 34. Ne5 Bb5 35. a4 Be8 36. Rc5 Rb7 37. b5 axb5 38. axb5 Bxb5 39. Rb1 a6 40. Ng4 Nf4 41. Kh2 Rd7 42. Nf6 Rxd4 43. Nxh7+ Kg7 44. Ng5 Nd5 45. Kg3 Ra4 46. Rc8 Rf4 47. Rd1 Rf5 48. Ra8 Be2 49. Rd2 Bf1 50. Ra7 Bb5 51. Nxe6+ Kg8 52. Nd4 Rh5 53. Rc2 g5 54. Rc8+ Kg7 55. Ne6+ Kf6 56. Nxg5 Ne7 57. Rc5 Nf5+ 58. Rxf5+ Kxf5 59. Rxf7+ Kg6 60. Rb7 Rh8 61. Rb6+ Kf5 62. f4 Be2 63. Re6 1-0

[Event "COL-ch Cat B/C U2200"]
[Site "Medellin"]
[Date "2021.06.12"]
[Round "4"]
[White "Zuluaga, Jose Gabriel"]
[Black "Mora, Luis Jose"]
[Result "1/2-1/2"]
[WhiteElo "1992"]
[BlackElo "1881"]
[PlyCount "110"]
[EventDate "2021.06.10"]
[EventType "swiss"]
[EventRounds "7"]
[EventCountry "COL"]
[SourceTitle "EXT 2022"]
[Source "ChessBase"]
[SourceDate "2021.10.06"]
[SourceVersion "1"]
[SourceVersionDate "2021.10.06"]
[SourceQuality "1"]

1. Nf3 d5 2. c4 e6 3. b3 f5 4. Bb2 Nf6 5. g3 Bd6 6. Bg2 c6 7. 0-0 0-0 8. d3 Nbd7 9. Nbd2 e5 10. cxd5 cxd5 11. e4 fxe4 12. dxe4 d4 13. Ne1 Nc5 14. b4 Na6 15. a3 Be6 16. Nd3 Qe7 17. h3 Rac8 18. f4 Nd7 19. fxe5 Nxe5 20. Nxe5 Bxe5 21. Nf3 Bc4 22. Nxe5 Bxf1 23. Qb3+ Kh8 24. Bxd4 Bxg2 25. Kxg2 Nb8 26. Re1 Nc6 27. Nxc6 Rxc6 28. Bc5 Qf7 29. Qe3 Re8 30. Rf1 Rf6 31. Rd1 Rfe6 32. Rf1 Qg6 33. e5 h6 34. Bd4 a6 35. Qf3 Qc2+ 36. Kg1 Qc4 37. Bb2 Qb5 38. Qe4 a5 39. Rf7 axb4 40. axb4 Qb6+ 41. Kg2 Qc6 42. Kf3 Qa6 43. Kg2 Qa2 44. Rf2 b5 45. Rc2 Rf8 46. Bd4 Qb1 47. Qe2 Qb3 48. Kh2 Qd5 49. Qg4 Rf1 50. Rg2 Kh7 51. Qe2 Rf8 52. Qc2+ Kg8 53. Bc5 Rfe8 54. Bd6 Rxd6 55. exd6 Qxd6 1/2-1/2

[Event "COL-ch sf"]
[Site "Ubate"]
[Date "2017.10.14"]
[Round "2"]
[White "Mora, Luis Jose"]
[Black "Parra Meza, Brayan"]
[Result "1-0"]
[WhiteElo "1900"]
[BlackElo "1640"]
[PlyCount "67"]
[EventDate "2017.10.14"]
[EventType "swiss"]
[EventRounds "6"]
[EventCountry "COL"]
[SourceTitle "CBM 181 Extra"]
[Source "ChessBase"]
[SourceDate "2017.12.12"]
[SourceVersion "1"]
[SourceVersionDate "2017.12.12"]
[SourceQuality "1"]

1. d4 Nf6 2. e3 d6 3. c4 g6 4. Nc3 Bg7 5. Be2 0-0 6. Nf3 c5 7. 0-0 Nc6 8. d5 Na5 9. Qc2 b6 10. h3 e6 11. Rd1 Ba6 12. dxe6 Bxc4 13. exf7+ Bxf7 14. Ng5 Ne8 15. Nxf7 Rxf7 16. Bf3 Rxf3 17. gxf3 Qg5+ 18. Kf1 Qh5 19. Qe4 Qxh3+ 20. Ke2 Rd8 21. Qg4 Qxg4 22. fxg4 Nc4 23. Rb1 Nc7 24. Nd5 Nxd5 25. Rxd5 Ne5 26. g5 Kf7 27. f4 Ke6 28. e4 Nc6 29. Be3 a5 30. a3 Rd7 31. b3 Na7 32. a4 Nc6 33. Rbd1 Nb4 34. f5+ 1-0

[Event "Bogota McGregor op 3rd"]
[Site "Bogota"]
[Date "2012.12.14"]
[Round "5"]
[White "Patino Garcia, Carols"]
[Black "Mora, Luis Jose"]
[Result "0-1"]
[WhiteElo "1742"]
[BlackElo "1976"]
[PlyCount "46"]
[EventDate "2012.12.12"]
[EventType "swiss"]
[EventRounds "9"]
[EventCountry "COL"]
[SourceTitle "EXT 2014"]
[Source "ChessBase"]
[SourceDate "2013.11.20"]
[SourceVersion "1"]
[SourceVersionDate "2013.11.20"]
[SourceQuality "1"]

1. d4 Nf6 2. c4 d5 3. Nf3 g6 4. Nc3 Bg7 5. cxd5 Nxd5 6. e4 Nxc3 7. bxc3 c5 8. Bc4 0-0 9. h3 Qc7 10. Qd3 a6 11. a4 Nc6 12. 0-0 e6 13. Ba3 b6 14. Rac1 Rd8 15. Bb2 Bb7 16. Qe3 Na5 17. Ba2 c4 18. Nd2 Qc6 19. Ra1 Rac8 20. Qe2 b5 21. axb5 axb5 22. Ba3 Ba6 23. Bb4 Nb7 0-1

[Event "Bogota op 10"]
[Site "Bogota"]
[Date "2012.10.12"]
[Round "2"]
[White "Ruiz, Alciguel"]
[Black "Mora, Luis Jose"]
[Result "1-0"]
[WhiteElo "2246"]
[BlackElo "1987"]
[PlyCount "51"]
[EventDate "2012.10.11"]
[EventType "swiss"]
[EventRounds "9"]
[EventCountry "COL"]
[SourceTitle "EXT 2013"]
[Source "ChessBase"]
[SourceDate "2012.11.22"]
[SourceVersion "1"]
[SourceVersionDate "2012.11.22"]
[SourceQuality "1"]

1. d4 Nf6 2. c4 e6 3. Nc3 Bb4 4. e3 0-0 5. Bd3 d5 6. Nf3 Nbd7 7. 0-0 dxc4 8. Bxc4 Nb6 9. Bd3 c5 10. a3 Bxc3 11. bxc3 Qc7 12. e4 Nh5 13. e5 g6 14. Ng5 f6 15. g4 Ng7 16. exf6 Rxf6 17. Ne4 Rf8 18. dxc5 Nd5 19. Bc4 b6 20. Qd4 bxc5 21. Nxc5 Nb6 22. Bb3 Rd8 23. Qf6 Nd5 24. Qh4 Rd6 25. Ne4 Ne8 26. Qh6 1-0

[Event "Bogota McGregor op 2nd"]
[Site "Bogota"]
[Date "2011.12.08"]
[Round "5"]
[White "Argote, Carlos David"]
[Black "Mora, Luis Jose"]
[Result "0-1"]
[WhiteElo "1812"]
[BlackElo "2001"]
[PlyCount "34"]
[EventDate "2011.12.06"]
[EventType "swiss"]
[EventRounds "10"]
[EventCountry "COL"]
[SourceTitle "CBM 145 Extra"]
[Source "ChessBase"]
[SourceDate "2012.01.03"]
[SourceVersion "1"]
[SourceVersionDate "2012.01.03"]
[SourceQuality "1"]

1. e4 e6 2. d3 d5 3. Nd2 Nf6 4. Ngf3 c5 5. g3 Nc6 6. Bg2 Be7 7. 0-0 Qc7 8. Re1 0-0 9. e5 Nd7 10. Qe2 b6 11. Nf1 Ba6 12. h4 Rac8 13. Bf4 Nd4 14. Nxd4 cxd4 15. Rac1 Bb4 16. Bd2 Be7 17. Bf4 Qc6 0-1

[Event "Bogota Univ Central op-A 5th"]
[Site "Bogota"]
[Date "2011.10.14"]
[Round "2.1"]
[White "Mora, Luis Jose"]
[Black "Perez Olarte, Cesar Camilo"]
[Result "0-1"]
[WhiteElo "2016"]
[BlackElo "2258"]
[PlyCount "42"]
[EventDate "2011.10.13"]
[EventType "swiss"]
[EventRounds "9"]
[EventCountry "COL"]
[SourceTitle "EXT 2024"]
[Source "ChessBase"]
[SourceDate "2023.10.10"]
[SourceVersion "1"]
[SourceVersionDate "2023.10.10"]
[SourceQuality "1"]

1. d4 e6 2. Nf3 Nf6 3. e3 b6 4. Be2 Bb7 5. 0-0 c5 6. c3 Be7 7. Nbd2 0-0 8. Nh4 d6 9. Rb1 Nbd7 10. Bd3 Rc8 11. Qa4 a6 12. Qd1 Qc7 13. Qe2 Rfe8 14. a3 b5 15. e4 Nxe4 16. Nxe4 Bxh4 17. Qh5 f5 18. Qxh4 fxe4 19. Bxe4 Bxe4 20. Qxe4 Nf6 21. Qh4 c4 0-1

[Event "Bogota McGregor op 1st"]
[Site "Bogota"]
[Date "2010.12.08"]
[Round "9"]
[White "Pachon Gutierrez, Adriana Paola"]
[Black "Mora, Luis Jose"]
[Result "0-1"]
[WhiteElo "1923"]
[BlackElo "2056"]
[PlyCount "56"]
[EventDate "2010.12.03"]
[EventType "swiss"]
[EventRounds "10"]
[EventCountry "COL"]
[SourceTitle "CBM 139 Extra"]
[Source "ChessBase"]
[SourceDate "2011.01.05"]
[SourceVersion "1"]
[SourceVersionDate "2011.01.05"]
[SourceQuality "1"]

1. e4 e6 2. d4 d5 3. e5 c5 4. c3 Qb6 5. Nf3 Nc6 6. Bd3 Bd7 7. 0-0 cxd4 8. cxd4 Nxd4 9. Nxd4 Qxd4 10. Nc3 Qb6 11. Kh1 Ne7 12. f4 Ng6 13. Qe2 Qc7 14. Nb5 Qb8 15. Qc2 Bc6 16. Be3 Be7 17. Bc5 0-0 18. Bxg6 Bxc5 19. Bxh7+ Kh8 20. Qxc5 Kxh7 21. Nd6 g6 22. b4 a6 23. a4 Kg7 24. b5 axb5 25. axb5 Rxa1 26. Rxa1 Bd7 27. b6 Rh8 28. Ra7 Bc6 0-1

[Event "Bogota Torneo Distrital"]
[Site "Bogota"]
[Date "2010.04.03"]
[Round "7"]
[White "Almanza, Rafael Andres"]
[Black "Mora, Luis Jose"]
[Result "1-0"]
[WhiteElo "2135"]
[BlackElo "1745"]
[PlyCount "65"]
[EventDate "2010.03.31"]
[EventType "swiss"]
[EventRounds "7"]
[EventCountry "COL"]
[SourceTitle "EXT 2024"]
[Source "ChessBase"]
[SourceDate "2023.10.10"]
[SourceVersion "1"]
[SourceVersionDate "2023.10.10"]
[SourceQuality "1"]

1. e4 e6 2. d4 d5 3. Nd2 c5 4. Ngf3 dxe4 5. Nxe4 cxd4 6. Qxd4 Qxd4 7. Nxd4 a6 8. Be2 e5 9. Nb3 Be7 10. Be3 Nf6 11. Bf3 0-0 12. Nxf6+ Bxf6 13. 0-0-0 Nc6 14. Be4 Be7 15. c3 Kh8 16. Bc5 Bxc5 17. Nxc5 f6 18. Rd6 Rb8 19. Rhd1 Na5 20. b4 b6 21. Rd8 Bg4 22. Rxb8 Rxb8 23. Nxa6 Rc8 24. f3 Be6 25. bxa5 bxa5 26. Bb7 Rf8 27. Bd5 Bf5 28. Nc5 h5 29. Be4 Bc8 30. Nb7 f5 31. Bc6 Be6 32. a4 Ra8 33. Rd8+ 1-0

[Event "Bogota Torneo Distrital"]
[Site "Bogota"]
[Date "2010.04.01"]
[Round "1"]
[White "Mora, Luis Jose"]
[Black "Garcia Alarcon, Alvaro"]
[Result "0-1"]
[WhiteElo "1745"]
[BlackElo "2210"]
[PlyCount "56"]
[EventDate "2010.03.31"]
[EventType "swiss"]
[EventRounds "7"]
[EventCountry "COL"]
[SourceTitle "EXT 2024"]
[Source "ChessBase"]
[SourceDate "2023.10.10"]
[SourceVersion "1"]
[SourceVersionDate "2023.10.10"]
[SourceQuality "1"]

1. d4 Nf6 2. e3 g6 3. Bd3 Bg7 4. f4 d5 5. Nd2 c5 6. c3 c4 7. Bc2 0-0 8. Qe2 b5 9. a3 Bf5 10. e4 dxe4 11. Nxe4 Qd5 12. Ng3 Bxc2 13. Qxc2 Nc6 14. Nf3 a5 15. 0-0 b4 16. Ne5 e6 17. Qe2 Rac8 18. axb4 axb4 19. Ra4 Qb5 20. Nxc6 Qxa4 21. Ne7+ Kh8 22. Nxc8 Rxc8 23. Ne4 Nxe4 24. Qxe4 bxc3 25. bxc3 Qa5 26. Bd2 Rd8 27. Qe2 Qa2 28. Qe1 Kg8 0-1